LEADER 01647nam0-22005771i-450- 001 990000819420403321 005 20080530102435.0 010 $a88-7187-307-6 035 $a000081942 035 $aFED01000081942 035 $a(Aleph)000081942FED01 035 $a000081942 100 $a20020821d1993----km-y0itay50------ba 101 0 $aita 102 $aIT 105 $aa---a---001yy 200 1 $a<>qualità totale$eil Company-wide quality control come nuovo sistema manageriale$fAlberto Galgano$gprefazione di Sergio Pininfarina 205 $a2. ed. 210 $aMilano$cIl Sole 24 ore libri$d1993 215 $aXVII, 475 p.$cill.$d23 cm 225 1 $a<>impresa 225 1 $aManagement e impresa 610 0 $aQualità totale 610 0 $aImpresa e management$aQualità 610 0 $aAziende$aGestione 610 0 $aQualità$aControllo 610 0 $aStatistica aziendale 610 0 $aControllo di qualità e affidabilità 676 $a658 676 $a519.8 700 1$aGalgano,$bAlberto$08202 801 0$aIT$bUNINA$gRICA$2UNIMARC 901 $aBK 912 $a990000819420403321 952 $aTECN B 1423$b8785$fFARBC 952 $a62 658.5 GAL$bDEPA 7870$fDAGEA 952 $a13 F 22 24$b8224$fFINBC 952 $a13 N 72 01$b8225$fFINBC 952 $a05 AMATO 1862$fDININ 952 $a1-0-341-TI$b7762$fECA 952 $aXVII-C-134$b6882$fMAS 952 $a01 D III 16$b01819$fDINST 959 $aFARBC 959 $aDAGEA 959 $aFINBC 959 $aDININ 959 $aECA 959 $aMAS 959 $aDINST 996 $aQualità totale$963341 997 $aUNINA LEADER 01149nam 2200361I 450 001 996389425903316 005 20201214213612.0 035 $a(CKB)1000000000640659 035 $a(EEBO)2248546692 035 $a(OCoLC)ocm18173499e 035 $a(OCoLC)18173499 035 $a(EXLCZ)991000000000640659 100 $a19880705d1693 uy | 101 0 $aeng 135 $auruz#---auuuu 181 $ctxt$2rdacontent 182 $cc$2rdamedia 183 $acr$2rdacarrier 200 02$aA collection of poems /$fby several hands; most of them written by persons of eminent quality 210 1$aLondon :$cPrinted by T. Warren, for Francis Saunders ...,$d[1693] 215 $a1 online resource (273 pages) 300 $aImperfect: Pages 61-64 (Signatures E8-F1) cancelled before publication; pages 58-67 from British Library spliced at end. 300 $aReproduction of original in the Huntington Library. 606 $aPoems 615 0$aPoems. 801 0$bEAI 801 1$bEAI 801 2$bUMI 801 2$bWaOLN 906 $aBOOK 912 $a996389425903316 996 $aA Collection of poems$92370186 997 $aUNISA LEADER 01188nam a22003131i 4500 001 991000644329707536 005 20021022065844.0 008 021022s1968 it |||||||||||||||||ita 035 $ab12034435-39ule_inst 035 $aARCHE-012423$9ExL 040 $aDip.to Filologia Ling. e Lett.$bita$cA.t.i. Arché s.c.r.l. Pandora Sicilia s.r.l. 082 04$a809.91 100 1 $aLivsic, Benedikt$0184775 245 12$aL'arciere dall'occhio e mezzo :$bautobiografia del futurismo russo /$cBenedikt Livsic ; a cura di Giorgio Kraiski 260 $aBari :$bLaterza,$c1968 300 $aXV, 222 p. ;$c22 cm 490 0 $aBiblioteca di cultura moderna 500 $aTrad. M. Fabris 650 4$aFuturismo$xRussia 650 4$aRussia$xVita artistica e culturale$ySec. 20. 700 1 $aFabris, Maria 700 1 $aKraiski, Giorgio 765 0 $tPolutoraglazyi strelec 907 $a.b12034435$b28-04-17$c01-04-03 912 $a991000644329707536 945 $aLE008 TS C I 31$g1$i2008000377861$lle008$o-$pE0.00$q-$rl$s- $t0$u2$v0$w2$x0$y.i12325600$z01-04-03 996 $aArciere dall'occhio e mezzo$9141719 997 $aUNISALENTO 998 $ale008$b01-04-03$cm$da $e-$fita$git $h2$i1